000 00667nam a22001937a 4500
005 20170630172446.0
010 _aENG-118966
020 _a9789380036786
_c80.00
035 _aEN-102498
037 _bDBAD/PUB
082 _a305.5688095414
100 _aRoy, Debasish
245 _aSC/ST population in Nalhati II block in birbhum district in West Bengal :
_ba study of livelihood and empowerment /
_cby Debasish Roy
260 _aKolkata
_bMitram
_c2017
270 _a37A, collage street
_bKolkata
_e700073
300 _a102p.:
_c21cm(Hb)
_bill
500 _aIncludes bibliographical reference and index
942 _2ddc
_cEN
_h305.5688095414
_mROY
999 _c142067
_d142067